Sąsiedzi państw #3 - Statystyki

Ogólne statystyki
  • Ten quiz został rozwiązany 201 razy
    176 od ostatniego zresetowania
  • Średni wynik to 47 z 65
Statystyki odpowiedzi
Państwo % Poprawnych
Białoruś
99%
Czechy
99%
Rosja
99%
Rosja
99%
Słowacja
99%
Litwa
98%
Niemcy
98%
Ukraina
98%
Argentyna
89%
Argentyna
89%
Peru
84%
Peru
84%
Urugwaj
84%
Paragwaj
82%
Paragwaj
82%
Irak
81%
Wenezuela
80%
Kolumbia
79%
Boliwia
77%
Izrael
77%
Turcja
77%
Turcja
77%
Armenia
75%
Chorwacja
75%
Wietnam
75%
Chile
74%
Chiny
74%
Chiny
74%
Gujana
74%
Surinam
74%
Tajlandia
74%
Tajlandia
74%
Azerbejdżan
72%
Bośnia i Hercegowina
72%
Bułgaria
72%
Honduras
72%
Kosowo
72%
Sudan
72%
Indie
71%
Macedonia Północna
71%
Rumunia
71%
Czarnogóra
70%
Węgry
69%
Jordania
68%
Niger
68%
Republika Południowej Afryki
68%
Kostaryka
67%
Liban
67%
Kambodża
66%
Libia
66%
Nigeria
62%
Bangladesz
60%
Tanzania
59%
Mjanma
58%
Brazylia
57%
Wybrzeże Kości Słoniowej
54%
Gwinea
53%
Republika Środkowoafrykańska
51%
Sierra Leone
51%
Zambia
51%
Laos
49%
Zimbabwe
49%
Eswatini
43%
Malawi
42%
Kamerun
36%
Nie znaleziono quizów pasujących do podanych kryteriów
Rozkład punktacji
Procent ludzi z każdym wynikiem
Percentyl według liczby udzielonych odpowiedzi
Twoja historia wyników
Nie rozwiązałeś tego quizu od ostatniego zresetowania